[Event "Serbia Championship 2006"]
[Site "Vrnjacka Banja"]
[Date "2006.02.02"]
[Round "6"]
[White "Abramovic, Bosko"]
[Black "Jovanovic, Zoran"]
[Result "1-0"]
[WhiteElo "2507"]
[BlackElo "2291"]
[PlyCount "99"]
[EventDate "2006.??.??"]

1. d4 Nf6 2. c4 e6 3. Nf3 b6 4. g3 Bb7 5. Bg2 Be7 6. O-O O-O 7. Nc3 Ne4 8. Qc2
Nxc3 9. Qxc3 c5 10. Rd1 d6 11. b3 Bf6 12. Bb2 Qe7 13. Qd2 Nd7 14. Ne1 Bxg2 15.
Nxg2 cxd4 16. Bxd4 Rfd8 17. Qb2 Nc5 18. Ne3 Bg5 19. Ng2 f5 20. f3 Rac8 21. h4
Bh6 22. Qc3 Re8 23. Be3 Bxe3+ 24. Qxe3 Rcd8 25. Rd2 Nd7 26. Rad1 Ne5 27. a4 Nf7
28. a5 bxa5 29. Ra1 Qc7 30. Rda2 d5 31. Rxa5 dxc4 32. Rxa7 Qxg3 33. bxc4 e5 34.
c5 Nh6 35. c6 f4 36. Qb3+ Kh8 37. c7 Rc8 38. Ra8 Qh3 39. Qd5 Ng8 40. Qc6 Nf6
41. Rxc8 Qxc8 42. Rb1 Nd7 43. Rd1 Re7 44. Qd6 Rf7 45. Rb1 Rf8 46. h5 Kg8 47.
Nh4 Kf7 48. Nf5 Re8 49. Qd5+ Kf6 50. Nd6 1-0

[Event "Serbia Championship 2006"]
[Site "Vrnjacka Banja"]
[Date "2006.02.02"]
[Round "6"]
[White "Lajthajm, Borko"]
[Black "Zlatic, Mihajlo"]
[Result "1/2-1/2"]
[WhiteElo "2464"]
[BlackElo "2417"]
[PlyCount "87"]
[EventDate "2006.??.??"]

1. e4 c5 2. c3 Nf6 3. e5 Nd5 4. d4 cxd4 5. Nf3 Nc6 6. cxd4 d6 7. exd6 e6 8. Nc3
Bxd6 9. Bd3 Nf6 10. O-O O-O 11. Bg5 Be7 12. Re1 b6 13. Bxf6 Bxf6 14. Be4 Bb7
15. Qa4 Na5 16. b4 Bxe4 17. Nxe4 Nc4 18. Rec1 Qd5 19. Qa6 Nd6 20. Nxd6 Qxd6 21.
Rc4 Rfd8 22. h3 h6 23. Rac1 Qd5 24. a4 Rd7 25. b5 Qb7 26. Rc8+ Rxc8 27. Rxc8+
Kh7 28. Qxb7 Rxb7 29. Kf1 Rd7 30. Rc4 Kg8 31. Ke2 Kf8 32. Ke3 Ke7 33. Rc8 Rd8
34. Rxd8 Kxd8 35. Ke4 Kc7 36. g4 Kd6 37. Nd2 g6 38. Nc4+ Kd7 39. f4 Bg7 40.
Ne5+ Bxe5 41. fxe5 g5 42. d5 Kc8 43. d6 Kd7 44. Kd4 1/2-1/2

[Event "Serbia Championship 2006"]
[Site "Vrnjacka Banja"]
[Date "2006.02.02"]
[Round "6"]
[White "Tosic, Miroslav"]
[Black "Arsovic, Goran"]
[Result "0-1"]
[WhiteElo "2434"]
[BlackElo "2450"]
[PlyCount "68"]
[EventDate "2006.??.??"]

1. g3 g6 2. Bg2 Bg7 3. c4 Nf6 4. Nc3 O-O 5. d3 d6 6. Nf3 c6 7. O-O a6 8. h3 e5
9. e4 Nbd7 10. Be3 b5 11. a3 Re8 12. Re1 Nb6 13. b3 Rb8 14. Rc1 Nfd7 15. cxb5
cxb5 16. d4 Bb7 17. Bg5 Bf6 18. Be3 Rc8 19. d5 Nc5 20. Bf1 Rc7 21. Nd2 Bg5 22.
Na2 Bxe3 23. Rxe3 f5 24. Rec3 Rf7 25. Bg2 fxe4 26. Nxe4 Nxd5 27. Nxc5 dxc5 28.
Rxc5 Rd7 29. Qe1 e4 30. Nc3 e3 31. Nxd5 exf2+ 32. Qxf2 Bxd5 33. Bxd5+ Rxd5 34.
Rc7 Rd1+ 0-1

[Event "Serbia Championship 2006"]
[Site "Vrnjacka Banja"]
[Date "2006.02.02"]
[Round "6"]
[White "Pap, Misa"]
[Black "Savic, Miodrag R"]
[Result "1-0"]
[WhiteElo "2402"]
[BlackElo "2517"]
[PlyCount "151"]
[EventDate "2006.??.??"]

1. e4 d5 2. exd5 Qxd5 3. Nf3 c6 4. d4 Nf6 5. Nbd2 Bg4 6. c3 e6 7. Bc4 Qd8 8. h3
Bxf3 9. Nxf3 Bd6 10. O-O Nbd7 11. Re1 Qc7 12. Qe2 h6 13. Ne5 Bxe5 14. dxe5 Nd5
15. a4 a5 16. Bd2 N5b6 17. Ba2 O-O-O 18. b4 Qxe5 19. Qf3 Qf6 20. Qg3 Nd5 21.
bxa5 Nc5 22. a6 Nxa6 23. Bc4 Qg6 24. Qf3 Qf5 25. Qe2 Nc5 26. a5 Nf4 27. Bxf4
Qxf4 28. g3 Qd2 29. Qf3 Nd3 30. Bxd3 Rxd3 31. Qxf7 Rd7 32. Qxe6 Rf8 33. Ra2 Qd5
34. a6 bxa6 35. Qe2 Qd3 36. Rxa6 Qxe2 37. Rxe2 Kb7 38. Rea2 Rdf7 39. R6a4 g5
40. Rb2+ Kc7 41. Ra7+ Kd6 42. Rxf7 Rxf7 43. Rd2+ Kc5 44. Kg2 h5 45. Rd4 Rf8 46.
h4 g4 47. Rf4 Rh8 48. Kf1 Kd5 49. Ke2 Re8+ 50. Kd3 Re5 51. Ra4 Rf5 52. Rf4 Re5
53. Rf6 Kc5 54. Rg6 Rd5+ 55. Ke4 Rd2 56. Ke3 Rd5 57. Rh6 Rf5 58. Ke4 Rxf2 59.
Rxh5+ Kc4 60. Rg5 c5 61. h5 Rf6 62. Rg6 Rf8 63. Rxg4 Kxc3 64. h6 Kd2 65. h7 Rh8
66. Rh4 c4 67. Rh2+ Kc3 68. g4 Kb3 69. g5 c3 70. g6 c2 71. Rh1 Kb2 72. Kf5 Rd8
73. Rh2 Rh8 74. Kf6 Kb3 75. Rxc2 Kxc2 76. Kg7 1-0

[Event "Serbia Championship 2006"]
[Site "Vrnjacka Banja"]
[Date "2006.02.02"]
[Round "6"]
[White "Misailovic, Nebojsa"]
[Black "Tadic, Branko"]
[Result "0-1"]
[WhiteElo "2342"]
[BlackElo "2491"]
[PlyCount "96"]
[EventDate "2006.??.??"]

1. e4 d6 2. d4 Nf6 3. Nc3 e5 4. dxe5 dxe5 5. Qxd8+ Kxd8 6. Bc4 Ke8 7. Nf3 Bd6
8. O-O c6 9. Bg5 Nbd7 10. Bh4 h6 11. Rad1 Bc7 12. Rd2 Ke7 13. Bg3 Nh5 14. Bh4+
f6 15. Nd1 g5 16. Bg3 b5 17. Bd3 Bb6 18. Re1 Rd8 19. Kf1 a5 20. Ng1 Nc5 21. f3
Nxg3+ 22. hxg3 Be6 23. a3 Nxd3 24. cxd3 Rxd3 25. Rxd3 Bc4 26. Nf2 Rd8 27. Red1
Bxf2 28. Kxf2 Rxd3 29. Rxd3 Bxd3 30. g4 Kd6 31. Ke3 Bf1 32. g3 Kc5 33. b3 a4
34. bxa4 bxa4 35. f4 Bg2 36. Ne2 Kc4 37. fxe5 fxe5 38. Nc1 Bf1 39. Kd2 Kd4 40.
Na2 Bc4 41. Nb4 Bb5 42. Nc2+ Kxe4 43. Ne3 Kf3 44. Nf5 e4 45. Nd4+ Kf2 46. Nf5
Be2 47. Kc3 Bxg4 48. Nxh6 Be6 0-1

[Event "Serbia Championship 2006"]
[Site "Vrnjacka Banja"]
[Date "2006.02.02"]
[Round "6"]
[White "Milanovic, Danilo"]
[Black "Markovic, Milovan"]
[Result "1-0"]
[WhiteElo "2486"]
[BlackElo "2260"]
[PlyCount "63"]
[EventDate "2006.??.??"]

1. d4 e6 2. c4 c5 3. d5 e5 4. Nc3 d6 5. g3 Nf6 6. Bg2 Be7 7. Nf3 O-O 8. O-O Bd7
9. Ne1 Na6 10. e4 Ne8 11. a3 Nac7 12. a4 a6 13. a5 Rb8 14. Nd3 g6 15. f4 f6 16.
Be3 Ng7 17. Nxc5 dxc5 18. d6 Nge6 19. dxe7 Qxe7 20. fxe5 fxe5 21. Bh6 Rxf1+ 22.
Qxf1 Nd4 23. Qf2 Be6 24. Nd5 Nxd5 25. cxd5 Bf7 26. Rf1 b5 27. d6 Qe6 28. Bh3
Ne2+ 29. Kg2 Qc4 30. Qf6 Qxe4+ 31. Rf3 Nf4+ 32. gxf4 1-0

[Event "Serbia Championship 2006"]
[Site "Vrnjacka Banja"]
[Date "2006.02.02"]
[Round "6"]
[White "Marinkovic, Slavisa"]
[Black "Vratonjic, Slobo"]
[Result "1/2-1/2"]
[WhiteElo "2403"]
[BlackElo "2473"]
[PlyCount "22"]
[EventDate "2006.??.??"]

1. e4 c5 2. Nf3 e6 3. d4 cxd4 4. Nxd4 Nc6 5. Nc3 Qc7 6. g3 d6 7. Bg2 Nxd4 8.
Qxd4 Bd7 9. O-O Nf6 10. a4 a6 11. h3 Be7 1/2-1/2

[Event "Serbia Championship 2006"]
[Site "Vrnjacka Banja"]
[Date "2006.02.02"]
[Round "6"]
[White "Kojovic, Dragan"]
[Black "Lapcevic, Milos"]
[Result "1/2-1/2"]
[WhiteElo "2341"]
[BlackElo "2282"]
[PlyCount "113"]
[EventDate "2006.??.??"]

1. e4 c5 2. Nf3 e6 3. d4 cxd4 4. Nxd4 a6 5. Bd3 Bc5 6. Nb3 Ba7 7. c4 Nc6 8. Nc3
d6 9. Qe2 Nf6 10. Be3 Bxe3 11. Qxe3 O-O 12. O-O b6 13. Rad1 Qc7 14. f4 Bb7 15.
a3 Rad8 16. Qh3 Rfe8 17. Kh1 Nb8 18. Nd4 Nbd7 19. Rde1 Nf8 20. Qh4 Qc5 21. Nb3
Qc7 22. Qh3 Ng6 23. Qe3 Ba8 24. Rc1 Qb7 25. Rc2 Rc8 26. Re2 Rc7 27. Qg3 Rd7 28.
Qh3 Qc7 29. Ref2 Qb8 30. Nd4 e5 31. Nde2 exf4 32. Nxf4 Rde7 33. Nfd5 Bxd5 34.
Nxd5 Nxd5 35. exd5 Qc7 36. Rf3 Qc5 37. Bxg6 hxg6 38. Qg3 b5 39. cxb5 axb5 40.
h3 Qxd5 41. Rd3 Qe5 42. Qf2 Qc5 43. Qf3 Qc7 44. Qd5 Re1 45. Rdf3 Rxf1+ 46. Rxf1
Qc4 47. Qf3 Re5 48. b3 Qe6 49. Qd3 Kh7 50. a4 bxa4 51. bxa4 Ra5 52. Qd4 Qe5 53.
Qh4+ Qh5 54. Qb4 Qc5 55. Qh4+ Qh5 56. Qb4 Qc5 57. Qh4+ 1/2-1/2

[Event "Serbia Championship 2006"]
[Site "Vrnjacka Banja"]
[Date "2006.02.02"]
[Round "6"]
[White "Arsovic, Zoran"]
[Black "Vrbljanac, Aleksandar"]
[Result "1-0"]
[WhiteElo "2417"]
[BlackElo "2270"]
[PlyCount "57"]
[EventDate "2006.??.??"]

1. Nf3 Nf6 2. c4 g6 3. Nc3 Bg7 4. e4 d6 5. d4 O-O 6. Be2 e5 7. Be3 c6 8. d5 Ng4
9. Bg5 f6 10. Bh4 Na6 11. O-O h5 12. h3 Nh6 13. c5 Nxc5 14. b4 Nd7 15. dxc6
bxc6 16. Qxd6 g5 17. Bg3 Nb6 18. Qc5 Rf7 19. Rfd1 Qc7 20. Rac1 Bf8 21. Qa5 Qe7
22. a3 Rg7 23. h4 gxh4 24. Nxh4 Ng4 25. Na4 Nxa4 26. Qxa4 Bd7 27. Nf5 Bxf5 28.
exf5 Ne3 29. Qb3+ 1-0

[Event "Serbia Championship 2006"]
[Site "Vrnjacka Banja"]
[Date "2006.02.02"]
[Round "6"]
[White "Stupavski, Zdenko"]
[Black "Keserovic, Milan"]
[Result "1/2-1/2"]
[WhiteElo "2409"]
[BlackElo "2225"]
[PlyCount "122"]
[EventDate "2006.??.??"]

1. e4 e5 2. Nf3 Nc6 3. Nc3 Nf6 4. Bb5 Nd4 5. Ba4 Bc5 6. Nxe5 Qe7 7. Nf3 Nxe4 8.
O-O O-O 9. Nxd4 Bxd4 10. Nxe4 Qxe4 11. c3 Bf6 12. Bc2 Qh4 13. Qf3 d6 14. d4 c6
15. Bf4 Bg4 16. Qd3 d5 17. Rae1 g6 18. Qd2 Rfe8 19. Be5 Bxe5 20. dxe5 Qh5 21.
f3 Bd7 22. f4 Bf5 23. Bd1 Bg4 24. Bxg4 Qxg4 25. f5 gxf5 26. Rf4 Qg7 27. Rxf5
Re6 28. Qf2 b6 29. Rf1 Rf8 30. Qf4 Rg6 31. g3 Rg4 32. Qf3 Rg6 33. Kg2 Re6 34.
Qf4 Rg6 35. Qh4 Re6 36. Qh5 Rh6 37. Qf3 Re6 38. Qf4 Rg6 39. h3 Re6 40. g4 Rg6
41. Kg3 Re6 42. h4 a5 43. h5 h6 44. a4 Rfe8 45. Rxf7 Qxe5 46. Qxe5 Rxe5 47. Rb7
Re3+ 48. Rf3 Re1 49. Rxb6 R8e4 50. Rxc6 Rg1+ 51. Kh3 Rexg4 52. Rxh6 Rxa4 53.
Kh2 Rag4 54. Rhf6 Kh7 55. Rf2 Rg5 56. Ra6 R1g4 57. Ra7+ Kg8 58. Ra8+ Kg7 59.
Ra7+ Kg8 60. Kh3 Rg3+ 61. Kh2 R3g4 1/2-1/2

[Event "Serbia Championship 2006"]
[Site "Vrnjacka Banja"]
[Date "2006.02.02"]
[Round "6"]
[White "Ristic, Nebojsa"]
[Black "Certic, Branimir"]
[Result "1/2-1/2"]
[WhiteElo "2266"]
[BlackElo "2405"]
[PlyCount "144"]
[EventDate "2006.??.??"]

1. d4 e6 2. e4 d5 3. e5 c5 4. c3 Ne7 5. Nf3 Nec6 6. a3 Nd7 7. b4 cxd4 8. cxd4
a6 9. Bd3 h6 10. h4 Nb6 11. h5 Bd7 12. Rh4 Rc8 13. Rg4 Na7 14. Nbd2 Na4 15. Nb3
Nc3 16. Qd2 Ne4 17. Bxe4 dxe4 18. Rxe4 Bb5 19. Bb2 Qd5 20. Re3 Be7 21. Rc1 O-O
22. Nc5 Bg5 23. a4 Bxe3 24. fxe3 Bc6 25. e4 Qd8 26. a5 b6 27. axb6 Qxb6 28. g4
Bxe4 29. Nxe4 Qb7 30. Qf4 Rxc1+ 31. Bxc1 Qxb4+ 32. Bd2 Qb1+ 33. Kf2 Nc6 34. g5
hxg5 35. Nexg5 Ne7 36. Ne4 Nf5 37. Qg4 Qc2 38. Nh4 Nh6 39. Qf4 Rd8 40. Nd6 Rb8
41. Nf3 Rb2 42. Qg5 Rb8 43. Kg3 Qd3 44. Kf2 Qb1 45. Qg2 Rb2 46. Qg5 Rb8 47. Qe7
Qc2 48. Qa7 Rf8 49. Qxa6 Nf5 50. Nxf5 Qxf5 51. h6 Rd8 52. Qb6 Ra8 53. hxg7 Kxg7
54. Qb3 Rh8 55. Qe3 Rh2+ 56. Kg1 Rh5 57. Qf2 Qb1+ 58. Ne1 Kf8 59. Qf3 Qg6+ 60.
Qg2 Qb1 61. Qa8+ Kg7 62. Qf3 Rf5 63. Qg4+ Kf8 64. Qh4 Qd1 65. Bh6+ Ke8 66. Qe4
Qa4 67. Nf3 Rh5 68. Bg5 Qd1+ 69. Kf2 Rxg5 70. Qc6+ Kf8 71. Qc5+ Kg7 72. Nxg5
Qd2+ 1/2-1/2

[Event "Serbia Championship 2006"]
[Site "Vrnjacka Banja"]
[Date "2006.02.02"]
[Round "6"]
[White "Pantovic, Dragan M"]
[Black "Toth, Aleksandar"]
[Result "1/2-1/2"]
[WhiteElo "2129"]
[BlackElo "2302"]
[PlyCount "79"]
[EventDate "2006.??.??"]

1. d4 d5 2. c4 e6 3. Nf3 Nf6 4. Bg5 Be7 5. e3 h6 6. Bh4 O-O 7. Nc3 b6 8. Rc1
Bb7 9. Bxf6 Bxf6 10. cxd5 exd5 11. Bd3 c6 12. O-O Nd7 13. b4 a5 14. a3 axb4 15.
axb4 Be7 16. Qb3 Bd6 17. b5 c5 18. Bb1 Nf6 19. Rcd1 Qc7 20. Na4 c4 21. Qc2 Ne4
22. Ne5 f6 23. f3 fxe5 24. fxe4 exd4 25. exd4 Bxh2+ 26. Kh1 dxe4 27. Nxb6 Qxb6
28. Qxc4+ Kh8 29. Kxh2 Qd6+ 30. Kg1 Rxf1+ 31. Rxf1 Rc8 32. Qa4 Rd8 33. Rd1 Qg3
34. d5 Qe3+ 35. Kh1 Rxd5 36. Rxd5 Bxd5 37. Qb4 Qc1+ 38. Kh2 Qf4+ 39. Kg1 Qc1+
40. Kh2 1/2-1/2

[Event "Serbia Championship 2006"]
[Site "Vrnjacka Banja"]
[Date "2006.02.02"]
[Round "6"]
[White "Damjanovic, Dragan"]
[Black "Mrsevic, Miroslav"]
[Result "1/2-1/2"]
[WhiteElo "2290"]
[BlackElo "2202"]
[PlyCount "149"]
[EventDate "2006.??.??"]

1. d4 Nf6 2. c4 g6 3. Nc3 Bg7 4. e4 d6 5. Be2 O-O 6. Nf3 e5 7. dxe5 dxe5 8.
Qxd8 Rxd8 9. Bg5 Nbd7 10. O-O-O Rf8 11. Nd5 Nxe4 12. Ne7+ Kh8 13. Nxc8 Ndc5 14.
Ne7 Nxg5 15. Nxg5 Bf6 16. Nxh7 Kxh7 17. Nd5 Bg5+ 18. Kc2 Ne6 19. h4 Bd8 20. Bd3
c6 21. Nc3 f5 22. h5 gxh5 23. Rxh5+ Kg6 24. Rdh1 e4 25. Rh6+ Kf7 26. Rh7+ Kf6
27. Bf1 Rb8 28. g4 Ke5 29. gxf5 Rxf5 30. R1h2 Nd4+ 31. Kd1 Nf3 32. R2h5 Bg5 33.
Bh3 Rd8+ 34. Kc2 Rd2+ 35. Kb3 Rf4 36. Re7+ Kf6 37. Rxe4 Nd4+ 38. Ka3 Kg6 39.
Rh8 b5 40. Ree8 Nc2+ 41. Kb3 Na1+ 42. Ka3 Rxc4 43. Reg8+ Kf7 44. Rf8+ Ke7 45.
Re8+ Kd6 46. Ref8 Ke7 47. Re8+ Kd6 48. Ne4+ Rxe4 49. Rxe4 Nc2+ 50. Kb3 Nd4+ 51.
Kc3 Ne2+ 52. Kb4 Rxb2+ 53. Ka3 Bc1 54. Re6+ Kc5 55. Rxc6+ Kxc6 56. Rc8+ Kb6 57.
Rxc1 Rxa2+ 58. Kxa2 Nxc1+ 59. Kb1 Nd3 60. f3 Kc5 61. Bf1 Nf4 62. Kc2 a5 63. Kb3
Ng6 64. Be2 Nf4 65. Bf1 Ne6 66. Ka3 a4 67. Be2 Nf4 68. Bd1 b4+ 69. Kxa4 Kc4 70.
Bb3+ Kc3 71. Bf7 Nd3 72. Kb5 Ne5 73. Bd5 Ng6 74. Bf7 Nf4 75. Ka4 1/2-1/2

[Event "Serbia Championship 2006"]
[Site "Vrnjacka Banja"]
[Date "2006.02.02"]
[Round "6"]
[White "Djokic, Nebojsa"]
[Black "Djosic, Slavoljub"]
[Result "1/2-1/2"]
[WhiteElo "2253"]
[BlackElo "2279"]
[PlyCount "39"]
[EventDate "2006.??.??"]

1. e4 d6 2. d4 Nf6 3. f3 Nbd7 4. Be3 c6 5. Qd2 e5 6. Ne2 Be7 7. c4 d5 8. exd5
cxd5 9. Nec3 dxc4 10. Bxc4 O-O 11. O-O Qc7 12. Bb3 exd4 13. Bxd4 Nc5 14. Qf2
Nxb3 15. axb3 Be6 16. Rxa7 Rxa7 17. Bxa7 Bxb3 18. Bb6 Qb8 19. Nd2 Be6 20. Bc5
1/2-1/2

[Event "Serbia Championship 2006"]
[Site "Vrnjacka Banja"]
[Date "2006.02.02"]
[Round "6"]
[White "Marcetic, Nikola"]
[Black "Mirkovic, Stevan"]
[Result "1/2-1/2"]
[WhiteElo "2390"]
[BlackElo "2191"]
[PlyCount "62"]
[EventDate "2006.??.??"]

1. d4 Nf6 2. c4 e6 3. Nc3 Bb4 4. Qc2 O-O 5. e4 Bxc3+ 6. bxc3 d6 7. Bd3 e5 8.
Ne2 Nc6 9. O-O b6 10. f4 Nd7 11. Ba3 Re8 12. Qa4 Bb7 13. c5 dxc5 14. fxe5 Ndxe5
15. Bc2 cxd4 16. cxd4 b5 17. Qxb5 Nxd4 18. Nxd4 Qxd4+ 19. Kh1 Qb6 20. Qc5 Qxc5
21. Bxc5 Nd7 22. Bg1 Bxe4 23. Bb3 Nf6 24. Rac1 c6 25. Bd4 Bd5 26. Bxf6 Bxb3 27.
axb3 gxf6 28. Rxc6 Rab8 29. Rcxf6 Rxb3 30. Rxf7 Rb1 31. Rxb1 Kxf7 1/2-1/2

[Event "Serbia Championship 2006"]
[Site "Vrnjacka Banja"]
[Date "2006.02.02"]
[Round "6"]
[White "Muratovic, Alija"]
[Black "Kahrovic, Mersid"]
[Result "0-1"]
[WhiteElo "2437"]
[BlackElo "2253"]
[PlyCount "108"]
[EventDate "2006.??.??"]

1. e4 Nc6 2. d4 e5 3. d5 Nce7 4. c4 Nf6 5. Nc3 Ng6 6. Nf3 Bc5 7. Bd3 d6 8. h3
O-O 9. O-O Nh5 10. Na4 Bb6 11. Kh2 Nhf4 12. Nxb6 axb6 13. Ng1 Qd7 14. Bc2 f6
15. Be3 Nh8 16. Qd2 g5 17. Bd1 Qe7 18. a4 Bd7 19. b3 Qg7 20. Bf3 h6 21. Qd1 Qh7
22. g3 Nfg6 23. Bg4 f5 24. exf5 Bxf5 25. Bxf5 Rxf5 26. Ne2 h5 27. Nc3 g4 28. h4
Qe7 29. Kg2 Raf8 30. Ne4 Nf4+ 31. Kh2 Nhg6 32. Rh1 Nxh4 33. Kg1 Nf3+ 34. Kf1
Nh3 35. Ke2 Nd4+ 36. Kd3 Qh7 37. Kc3 Rf3 38. Rxh3 gxh3 39. Ng5 Qf5 40. Nxf3
Nxf3 41. Qh1 Qg4 42. Kb4 h2 43. Qg2 h4 44. Rf1 h3 45. Qh1 c5+ 46. dxc6 bxc6 47.
Ka3 Qe4 48. Rd1 d5 49. cxd5 cxd5 50. Bxb6 d4 51. Rc1 Qd3 52. Rc7 e4 53. Qc1 Nd2
54. a5 Qxb3# 0-1

[Event "Serbia Championship 2006"]
[Site "Vrnjacka Banja"]
[Date "2006.02.02"]
[Round "6"]
[White "Nestorovic, Dejan"]
[Black "Marcetic, Predrag"]
[Result "1-0"]
[WhiteElo "2399"]
[BlackElo "2208"]
[PlyCount "51"]
[EventDate "2006.??.??"]

1. d4 Nf6 2. c4 e6 3. Nf3 d5 4. Nc3 c6 5. e3 Nbd7 6. Bd3 Bd6 7. O-O O-O 8. e4
dxe4 9. Nxe4 Nxe4 10. Bxe4 f5 11. Bc2 e5 12. c5 Be7 13. Bb3+ Kh8 14. Nxe5 Nxe5
15. dxe5 Bxc5 16. Bf4 Bd4 17. Qe2 Qe7 18. Rad1 c5 19. e6 b5 20. Qxb5 a5 21.
Rfe1 Ra6 22. Bg5 Bf6 23. Be3 Qe8 24. e7 Rg8 25. Qxe8 Rxe8 26. Bf7 1-0

[Event "Serbia Championship 2006"]
[Site "Vrnjacka Banja"]
[Date "2006.02.02"]
[Round "6"]
[White "Mitrovic, Petar"]
[Black "Maksimovic, Miroslav"]
[Result "1/2-1/2"]
[WhiteElo "2387"]
[BlackElo "2212"]
[PlyCount "33"]
[EventDate "2006.??.??"]

1. e4 c5 2. Nf3 d6 3. d4 cxd4 4. Nxd4 Nf6 5. Nc3 Nc6 6. Bc4 Qb6 7. Nb3 e6 8.
O-O Be7 9. Bg5 O-O 10. Bxf6 Bxf6 11. Qxd6 Bxc3 12. bxc3 Rd8 13. Qg3 Bd7 14.
Rfd1 Be8 15. Rd3 Na5 16. Nxa5 Qxa5 17. Bb3 1/2-1/2

[Event "Serbia Championship 2006"]
[Site "Vrnjacka Banja"]
[Date "2006.02.02"]
[Round "6"]
[White "Pantic, Ivica"]
[Black "Maksimovic, Branimir"]
[Result "0-1"]
[WhiteElo "2201"]
[BlackElo "2382"]
[PlyCount "94"]
[EventDate "2006.??.??"]

1. d4 Nf6 2. c4 e6 3. Nc3 Bb4 4. e3 d5 5. Qa4+ Nc6 6. cxd5 exd5 7. Bb5 Bd7 8.
Bxc6 Bxc3+ 9. bxc3 Bxc6 10. Qa3 Ne4 11. Ne2 Bb5 12. f3 Qh4+ 13. g3 Qh5 14. Qb2
Qxf3 15. Rf1 Qxe2+ 16. Qxe2 Bxe2 17. Kxe2 Nxc3+ 18. Kd3 Ne4 19. Ba3 f6 20. Rac1
Kd7 21. g4 c6 22. h4 h6 23. Bb4 b6 24. Rb1 Rac8 25. a4 Rhe8 26. a5 c5 27. dxc5
bxc5 28. Ba3 Rb8 29. a6 Kc6 30. Rfc1 Rb5 31. Rxb5 Kxb5 32. Rb1+ Kxa6 33. h5 Rc8
34. Bc1 Nf2+ 35. Ke2 Nxg4 36. Bd2 Re8 37. Kf3 Ne5+ 38. Kg3 Nc4 39. Bc1 Nxe3 40.
Ba3 Rc8 41. Kf4 d4 42. Ke4 f5+ 43. Kf4 c4 44. Bd6 Re8 45. Bc5 Re4+ 46. Kf3 Ng4
47. Bxa7 Kxa7 0-1

[Event "Serbia Championship 2006"]
[Site "Vrnjacka Banja"]
[Date "2006.02.02"]
[Round "6"]
[White "Jovanovic, Milos"]
[Black "Vukanovic, Sasa"]
[Result "0-1"]
[WhiteElo "2239"]
[BlackElo "2337"]
[PlyCount "89"]
[EventDate "2006.??.??"]

1. e4 Nf6 2. e5 Nd5 3. c4 Nb6 4. b3 g6 5. Nc3 d6 6. exd6 cxd6 7. Nf3 Bg7 8. Be2
Nc6 9. O-O O-O 10. d4 Bg4 11. Be3 d5 12. c5 Nc8 13. h3 Bxf3 14. Bxf3 e6 15. Qd2
N8e7 16. Ne2 Nf5 17. b4 a6 18. a4 h5 19. g4 hxg4 20. hxg4 Nxe3 21. fxe3 Bh6 22.
Nf4 Kg7 23. Kg2 Rh8 24. Rh1 Qf6 25. Rad1 Bxf4 26. exf4 Rxh1 27. Kxh1 Qh4+ 28.
Kg2 Rh8 29. b5 axb5 30. axb5 Na7 31. Qe3 Nxb5 32. Rb1 Qh2+ 33. Kf1 Ra8 34. f5
Ra3 35. Qf2 Qxf2+ 36. Kxf2 Nxd4 37. Bg2 gxf5 38. gxf5 Ra2+ 39. Kg1 Nxf5 40.
Rxb7 Rc2 41. Rc7 Nd4 42. Bh3 Kg6 43. Rc8 f5 44. Kf1 Kg5 45. Ke1 0-1

[Event "Serbia Championship 2006"]
[Site "Vrnjacka Banja"]
[Date "2006.02.02"]
[Round "6"]
[White "Mihalj, Miroslav M"]
[Black "Tasic, Zoran"]
[Result "1-0"]
[WhiteElo "2299"]
[BlackElo "2188"]
[PlyCount "89"]
[EventDate "2006.??.??"]

1. c4 b6 2. Nc3 Bb7 3. e4 e6 4. d4 Bb4 5. Bd3 Bxc3+ 6. bxc3 f5 7. Qh5+ g6 8.
Qe2 Qe7 9. Nf3 Nf6 10. e5 Ne4 11. Bxe4 fxe4 12. Ng5 e3 13. f4 Nc6 14. a4 Na5
15. Ba3 Qg7 16. O-O h6 17. Nf3 Ba6 18. Qxe3 Bxc4 19. Rf2 Bd5 20. Nd2 Nc4 21.
Qd3 Nxa3 22. Rxa3 a5 23. c4 Bb7 24. d5 O-O 25. Ne4 Rac8 26. Rb3 Ba8 27. h3 Kh8
28. Rb1 Qf7 29. Rd1 Bb7 30. Kh2 Ba6 31. Qd4 Bb7 32. Rd3 Rb8 33. Nf6 c5 34. Qe4
exd5 35. cxd5 Rfc8 36. Rg3 Kg7 37. Rff3 c4 38. Rxg6+ Qxg6 39. Rg3 Qxg3+ 40.
Kxg3 Rh8 41. Qxc4 Rhc8 42. Qd3 Rh8 43. Qa3 Kf7 44. Qd6 Rhd8 45. Nxd7 1-0

[Event "Serbia Championship 2006"]
[Site "Vrnjacka Banja"]
[Date "2006.02.02"]
[Round "6"]
[White "Irizanin, Radoje"]
[Black "Zivkovic, Momcilo"]
[Result "1/2-1/2"]
[WhiteElo "2260"]
[BlackElo "2151"]
[PlyCount "102"]
[EventDate "2006.??.??"]

1. d4 d5 2. Nf3 Nf6 3. c4 c6 4. Nc3 dxc4 5. a4 Bf5 6. e3 e6 7. Bxc4 Nbd7 8. O-O
Bb4 9. Qe2 O-O 10. e4 Bg6 11. Bd3 c5 12. e5 Bxc3 13. bxc3 Nd5 14. Bxg6 fxg6 15.
Ng5 Qe7 16. Ne4 Nf4 17. Qg4 h5 18. Qf3 g5 19. Nd6 cxd4 20. cxd4 Nb6 21. Ba3 g4
22. Qxb7 Qxb7 23. Nxb7 Ne2+ 24. Kh1 Rfb8 25. Nc5 Nxd4 26. Bb2 Nc2 27. Rac1 Nb4
28. a5 N6d5 29. Ba3 Re8 30. a6 Rac8 31. Nb7 Rxc1 32. Rxc1 Nxa6 33. Bd6 Nab4 34.
g3 Nd3 35. Rc2 Ra8 36. Rd2 Ne1 37. Nc5 Kf7 38. Ra2 a5 39. Nb3 Nd3 40. Nxa5 N3b4
41. Ra1 Rc8 42. Nb7 Rc2 43. Nd8+ Kg6 44. Nxe6 Nd3 45. Nd4 Nxf2+ 46. Kg1 Nh3+
47. Kh1 Rd2 48. Nc6 Nf2+ 49. Kg1 Nh3+ 50. Kh1 Nf2+ 51. Kg1 Nh3+ 1/2-1/2

[Event "Serbia Championship 2006"]
[Site "Vrnjacka Banja"]
[Date "2006.02.02"]
[Round "6"]
[White "Nestorovic, Nikola D"]
[Black "Jevtic, Miroljub L"]
[Result "1-0"]
[WhiteElo "2361"]
[BlackElo "2153"]
[PlyCount "34"]
[EventDate "2006.??.??"]

1. e4 e5 2. Nf3 Nc6 3. Nc3 Bc5 4. Nxe5 Nxe5 5. d4 Bd6 6. dxe5 Bxe5 7. Bd3 Bxc3+
8. bxc3 d6 9. O-O Qh4 10. Bb5+ c6 11. Be2 Be6 12. Qxd6 Rd8 13. Qe5 Ne7 14. Bg5
f6 15. Qxe6 Qxg5 16. Bc4 Qe5 17. Qf7+ Kd7 1-0

[Event "Serbia Championship 2006"]
[Site "Vrnjacka Banja"]
[Date "2006.02.02"]
[Round "6"]
[White "Nikolic, Stanimir"]
[Black "Radosavljevic, Novica"]
[Result "1/2-1/2"]
[WhiteElo "2306"]
[BlackElo "2142"]
[PlyCount "106"]
[EventDate "2006.??.??"]

1. d4 d6 2. c4 e5 3. Nf3 e4 4. Ng5 Nf6 5. Nc3 Bf5 6. Qc2 h6 7. Ngxe4 Nxe4 8.
Nxe4 Qh4 9. Nxd6+ Bxd6 10. Qxf5 Bb4+ 11. Kd1 Qxd4+ 12. Kc2 Qxc4+ 13. Kb1 Nc6
14. e3 Qc5 15. Qxc5 Bxc5 16. Bb5 O-O-O 17. Bxc6 bxc6 18. Kc2 Rd6 19. Bd2 Rhd8
20. Bc3 f6 21. Raf1 Re8 22. Rd1 Rd5 23. Rd3 Red8 24. Rd2 Kd7 25. h4 Ke6 26. Re2
Kf7 27. Rh3 Re8 28. a3 Bb6 29. Rd2 Re4 30. Rh1 Re8 31. Kd1 Re6 32. Ke2 Red6 33.
Rc1 Ke6 34. Rdc2 Kd7 35. Bb4 Re6 36. Bf8 Rh5 37. g3 Ke8 38. Bb4 a5 39. Be1 Kd7
40. Rc4 Rb5 41. R1c2 g6 42. Bc3 Rd5 43. Kf3 Rf5+ 44. Rf4 Rc5 45. Rd2+ Ke7 46.
Rd1 Rb5 47. Re4 Rf5+ 48. Rf4 Rb5 49. Rg4 f5 50. Rc4 Rd6 51. Rc1 Kd7 52. Bg7 h5
53. R1c2 Rbd5 1/2-1/2

[Event "Serbia Championship 2006"]
[Site "Vrnjacka Banja"]
[Date "2006.02.02"]
[Round "6"]
[White "Stojanovic, Zlatko"]
[Black "Bozilov, Novica"]
[Result "1-0"]
[WhiteElo "2258"]
[BlackElo "2023"]
[PlyCount "51"]
[EventDate "2006.??.??"]

1. e4 c5 2. Nf3 e6 3. d4 cxd4 4. Nxd4 Nc6 5. Nc3 Qc7 6. Be3 a6 7. f4 Bb4 8.
Nxc6 Bxc3+ 9. bxc3 Qxc6 10. Qd4 Nf6 11. Bd3 d5 12. e5 Ne4 13. c4 f5 14. exf6
Nxf6 15. O-O O-O 16. Rf3 dxc4 17. Bxc4 b5 18. Bb3 a5 19. a4 Kh8 20. Qe5 Ng4 21.
Qxb5 Qc3 22. Rb1 Nxe3 23. Qe2 Nd5 24. Rxc3 Nxc3 25. Qf3 Bb7 26. Qxc3 1-0

[Event "Serbia Championship 2006"]
[Site "Vrnjacka Banja"]
[Date "2006.02.02"]
[Round "6"]
[White "Brajovic, Miroljub"]
[Black "Bojovic, Dusan"]
[Result "0-1"]
[WhiteElo "2192"]
[BlackElo "2116"]
[PlyCount "80"]
[EventDate "2006.??.??"]

1. e4 c5 2. c3 Nf6 3. e5 Nd5 4. Nf3 e6 5. Be2 Be7 6. O-O O-O 7. d4 cxd4 8. cxd4
b6 9. Nc3 Bb7 10. Bd3 Kh8 11. Re1 f5 12. exf6 gxf6 13. Nxd5 Bxd5 14. Be4 Bxe4
15. Rxe4 Qe8 16. Rh4 Qf7 17. Bf4 Nc6 18. d5 exd5 19. Rh3 Bc5 20. Qd3 Rae8 21.
Nh4 Rg8 22. Nf5 Re4 23. Rf3 Qg6 24. Ng3 Nd4 25. Rd1 Ne2+ 26. Kf1 Nxf4 27. Qb5
h5 28. h4 Qg4 29. a3 a5 30. b4 axb4 31. a4 Rge8 32. a5 Re1+ 33. Rxe1 Rxe1+ 34.
Kxe1 Nxg2+ 35. Ke2 Nf4+ 36. Kd2 Qxf3 37. a6 Qxf2+ 38. Kd1 Qf3+ 39. Kd2 Qc3+ 40.
Kd1 Be3 0-1